Masový cestovný ruch a jeho obmedzenie vo vybranej destinácii kultúrneho cestovného ruchu diplomová práca

Na minha lista:
Detalhes bibliográficos
Autor principal: Minarovičová, Katarína
Autor Corporativo: Obchodná fakulta EU. Katedra cestovného ruchu
Outros Autores: Čukanová, Miroslava, 1984-
Formato: Livro
Idioma:eslovaco
Publicado em: Bratislava 2024
Tags: Adicionar Tag
Sem tags, seja o primeiro a adicionar uma tag!

MARC

LEADER 00000nbm a2200000 4500
001 0302184
005 20250821100123.7
041 0 |a slo 
044 |a SK 
245 1 0 |a Masový cestovný ruch a jeho obmedzenie vo vybranej destinácii kultúrneho cestovného ruchu  |b diplomová práca  |c Katarína Minarovičová ; školiteľ: Miroslava Čukanová 
264 1 |a Bratislava  |c 2024 
300 |a 77 s. 
100 1 |a Minarovičová, Katarína 
700 1 |a Čukanová, Miroslava, 1984- 
710 2 |a Obchodná fakulta EU. Katedra cestovného ruchu